000 00695nam a22001817a 4500
003 UA-OsUOA
001 18369
007 ta
008 20040506b un ||||| |||| 00| 0 ukr d
100 _aІєромонах Никон (Гайдай)
942 _cSA
040 _aUA-OsUOA
_cUA-OsUOA
_dUA-OsUOA
245 _aІсторія найбільшого дзвону України [, який був вииготовлений у 1914 р для Свято -Георгієвського монастиря -скиту на Козацьких могилах]
300 _aС.5
955 _a0
773 0 _w0
_tДуховна нива
_dРівне
_d2004
_g№4/Квіт./
650 7 _aДзвони
_2UDC
999 _c304540
_d304540